000 00617cam a22002053a 4500
001 39007
003 PGUSA
005 20140828083848.0
008 120228s2012||||xxu|||||s|||||000 | eng d
040 _aPGUSA
_beng
042 _adc
100 1 _aKampysis, Giannis,
_d1872-1901
245 1 0 _aΜυστικό του Γάμου - Φάρσα της Ζωής
_h[electronic resource] /
_cGiannis Kampysis
260 _bProject Gutenberg,
_c2012
506 _aPublic domain in the USA.
516 _aElectronic text
830 0 _aProject Gutenberg
_v39007
856 4 0 _uhttp://www.gutenberg.org/ebooks/39007
942 _cEB
999 _c268260
_d268260